What I see / (Record no. 3135)

MARC details
000 -LEADER
fixed length control field 00864cam a2200265 a 4500
005 - DATE AND TIME OF LATEST TRANSACTION
control field 20240208111240.0
020 ## - INTERNATIONAL STANDARD BOOK NUMBER
International Standard Book Number 9780152048549
040 ## - CATALOGING SOURCE
Original cataloging agency DLC
Transcribing agency DLC
Modifying agency DLC
Language of cataloging eng
050 00 - LIBRARY OF CONGRESS CALL NUMBER
Classification number PZ8.3.K275
Item number 1999
082 00 - DEWEY DECIMAL CLASSIFICATION NUMBER
Classification number 372.6
100 1# - MAIN ENTRY--PERSONAL NAME
Personal name Keller, Holly
245 10 - TITLE STATEMENT
Title What I see /
Statement of responsibility, etc. Keller, Holly
250 ## - EDITION STATEMENT
Edition statement First green light readers edition 1999
260 ## - PUBLICATION, DISTRIBUTION, ETC.
Place of publication, distribution, etc. San Diego :
Name of publisher, distributor, etc. Green Light Readers/Harcourt, Inc.
Date of publication, distribution, etc. 1999
300 ## - PHYSICAL DESCRIPTION
Extent 19 unnumbered pages :
Other physical details color illustrations ;
Dimensions 22 cm.
490 ## - SERIES STATEMENT
Series statement Green Light Readers
Volume/sequential designation Book 1
505 ## - FORMATTED CONTENTS NOTE
Formatted contents note C <br/>
520 ## - SUMMARY, ETC.
Summary, etc. Illustrations and simple rhyming text describe what a child sees around the house and garden.
521 0# - TARGET AUDIENCE NOTE
Target audience note 70 <br/>
Source Lexile <br/>
521 0# - TARGET AUDIENCE NOTE
Target audience note C <br/>
Source Raz-Plus <br/>
650 #1 - SUBJECT ADDED ENTRY--TOPICAL TERM
Topical term or geographic name entry element five senses
Form subdivision juvenile fiction
906 ## - LOCAL DATA ELEMENT F, LDF (RLIN)
a 7
b cbc
c orignew
d 1
e ocip
f 19
g y-gencatlg
942 ## - ADDED ENTRY ELEMENTS (KOHA)
Source of classification or shelving scheme Dewey Decimal Classification
Koha item type Books
Suppress in OPAC No
999 ## -
-- 3135
-- 3135
Holdings
Withdrawn status Lost status Source of classification or shelving scheme Damaged status Not for loan Collection Home library Current library Shelving location Date acquired Total Checkouts Full call number Barcode Date last seen Price effective from Koha item type
    Dewey Decimal Classification     Juvenile Fiction Footprints International School Library Network Toul Kork Campus Footprints International School Library Network Toul Kork Campus   02/08/2024   KEL 372.6 PZ8.K275 FISTK01205 02/08/2024 02/08/2024 Books